Ramkrashn Paramahams: (Record no. 180323)
[ view plain ]
| 000 -LEADER | |
|---|---|
| fixed length control field | 00633nam a2200229Ia 4500 |
| 003 - CONTROL NUMBER IDENTIFIER | |
| control field | OSt |
| 005 - DATE AND TIME OF LATEST TRANSACTION | |
| control field | 20250207142821.0 |
| 008 - FIXED-LENGTH DATA ELEMENTS--GENERAL INFORMATION | |
| fixed length control field | 210707s1983 xx 000 0 und d |
| 040 ## - CATALOGING SOURCE | |
| Transcribing agency | AL |
| 041 ## - LANGUAGE CODE | |
| Language code of text/sound track or separate title | hin |
| 082 ## - DEWEY DECIMAL CLASSIFICATION NUMBER | |
| Classification number | H891.9 ROLR |
| 100 ## - MAIN ENTRY--PERSONAL NAME | |
| Personal name | ROLA RAMA |
| 9 (RLIN) | 198375 |
| 110 ## - MAIN ENTRY--CORPORATE NAME | |
| Subordinate unit | रोला रामा |
| 9 (RLIN) | 198376 |
| 245 ## - TITLE STATEMENT | |
| Title | Ramkrashn Paramahams: |
| Remainder of title | रामाकृष्ण परमहंसा |
| 260 ## - PUBLICATION, DISTRIBUTION, ETC. | |
| Place of publication, distribution, etc. | IIahabad |
| Name of publisher, distributor, etc. | Lokbharati Prakashan |
| Date of publication, distribution, etc. | 1983 |
| 300 ## - PHYSICAL DESCRIPTION | |
| Extent | 307 p |
| 563 ## - BINDING INFORMATION | |
| Binding note | HB |
| 650 ## - SUBJECT ADDED ENTRY--TOPICAL TERM | |
| Topical term or geographic name entry element | Hindi Criticism |
| 9 (RLIN) | 198377 |
| 650 ## - SUBJECT ADDED ENTRY--TOPICAL TERM | |
| Topical term or geographic name entry element | Hindi Literature |
| 9 (RLIN) | 198378 |
| 906 ## - LOCAL DATA ELEMENT F, LDF (RLIN) | |
| a | Ramakrashn Biography |
| 942 ## - ADDED ENTRY ELEMENTS (KOHA) | |
| Source of classification or shelving scheme | Dewey Decimal Classification |
| Koha item type | Book |
| Withdrawn status | Lost status | Source of classification or shelving scheme | Damaged status | Not for loan | Collection code | Home library | Current library | Date acquired | Total Checkouts | Full call number | Barcode | Date last seen | Price effective from | Koha item type |
|---|---|---|---|---|---|---|---|---|---|---|---|---|---|---|
| Dewey Decimal Classification | Hindi | St Aloysius Library | St Aloysius Library | 05/29/2003 | H891.9 ROLR | BB04333 | 07/08/2021 | 07/08/2021 | Book Bank |